000
002390000a22000970004500
100
1
_a
Nassif, Bradley
245
1
0
_a
Spiritual fundations for global development
300
_a
Num. 2 (2001), Página 22
773
0
_t
Global Future
942
_c
ANA
999
_c
53531
_d
53531